Candy Quiz - Statistics

General Stats
  • This quiz has been taken 445 times
  • The average score is 6 of 9
Answer Stats
Picture Answer % Correct
Kit Kat
97%
Jelly Beans
88%
Skittles
86%
Twix
77%
Chips
68%
M+Ms
68%
Swedish Fish
58%
Smarties
49%
Licorice
21%
No matching quizzes found
Score Distribution
Percent of People with Each Score
Percentile by Number Answered
Your Score History
You have not taken this quiz